000 00473cam a22002051 4500
001 sa 63001276
003 DLC
005 20260227111926.0
008 890717s1962 ii 000 0 tamo
010 _asa 63001276
035 _a(OCoLC)20023786
040 _aDLC
_cWaU
_dDLC
042 _apremarc
050 0 0 _aPL4758.9.C44
_bP3
100 0 _aCentur̲aimuttu.
245 1 0 _aPal̲aku Tamil̲.
260 _c[1962]
300 _a107 p.
_c19 cm.
500 _aIn Tamil.
999 _c53886
_d53886